000 00829cam a2200277 4500
001 14123
003 BD-RjUL
005 20211208235557.0
008 140205r19781976nyu b 000 0 eng d
035 _a(BD-RjUL)14175
040 _aDLC
_cDLC
_dDLC
_dBD-RjUL
_beng
041 _aeng
082 0 0 _a617.008
_bLEN 1978
100 1 _a LeFrock, Jack L.
_d1934-
_944116
245 0 0 _aNosocomial infections
_cJack L. LeFrock,
260 _aNew York :
_bUpjohn Company,
_c1976[reprinted 1978]
300 _a51 p. :
_c23 cm.
350 _a$3.25
504 _aBibliography: p. 48-54.
650 0 _aNosocomial infections.
_944120
650 0 _aHospital buildings
_xSanitation.
_944121
700 _aKlainer,Albert S.
_944122
942 _2ddc
_cBK
999 _c14123
_d14123